Filmes e Diretores - Statistics

Estatísticas Gerais
  • Esse quiz foi jogado 288 vezes
  • A pontuação média é 8 de 21
Estatísticas das Respostas
Filme Diretor % Correto
Pulp Fiction: Tempo de Violência Quentin Tarantino
80%
A Lista de Schindler Steven Spielberg
74%
Edward Mãos de Tesoura Tim Burton
68%
Star Wars: Episódio IV - Uma Nova esperança George Lucas
66%
2001: Uma Odisséia no Espaço Stanley Kubrick
59%
Meia-noite em Paris Woody Allen
58%
O Poderoso Chefão Francis Ford Coppola
56%
Os Infiltrados Martin Scorsese
43%
Central do Brasil Walter Salles
37%
Ninfomaníaca:Volume I Lars von Trier
36%
Argo Ben Affleck
35%
Tudo Sobre Minha Mãe Pedro Almodóvar
27%
A Vida é Bela Roberto Benigni
25%
Pixote: A Lei dos Mais Fracos Héctor Babenco
20%
O Tigre e o Dragão Ang Lee
19%
Dança com Lobos Kevin Costner
19%
Platoon Oliver Stone
18%
Psicose Alfred Hitchcook
15%
True Lies James Cameron
15%
Ben-Hur William Wyler
8%
Irmãos de Sangue Spike Lee
4%
Nenhum quiz correspondente encontrado
Distribuição das Pontuações
Porcentagem de Pessoas com Cada Pontuação
Percentil de Números Respondidos
Sua Pontuação Histórica
Você não jogou esse quiz